Counter strike tournaments MVP #1 - Statistics

General Stats
  • This quiz has been taken 37 times
  • The average score is 12 of 16
Answer Stats
Année Tournois Equipe Gagnante MVP % Correct
2025 PGL Bucharest Falsons degster
89%
2022 ESL Pro League S15 FaZe ropz
89%
2024 IEM Katowice Team Spirit donK
86%
2023 IEM Rio Vitality ZywOo
86%
2024 YaLLa Compass The Mongolz 910
83%
2021 IEM Dallas Cloud9 Ax1Le
81%
2023 IEM Katowice G2 huNter-
81%
2023 IEM Sydney FaZe rain
81%
2022 Blast World Finals G2 m0nesy
78%
2024 ESL Pro League S19 MOUZ ZywOo
75%
2021 Blast Spring Finals Gambit HObbit
67%
2023 ESL Challenger Atlanta Virtus.pro Fame
64%
2023 ESL Pro League S18 MOUZ torzsi
64%
2021 IEM Fall EU Ninjas in Pyjamas device
58%
2021 Flashpoint 3 MOUZ frozen
58%
2025 PGL Cluj-Napoca MOUZ niko
56%
No matching quizzes found
Score Distribution
Percent of People with Each Score
Percentile by Number Answered
Your Score History
You have not taken this quiz